000 00897nam a2200229 a 4500
001 39132
003 BD-RjUL
005 20211209052926.0
008 160405b2007 bg |||e |||| 000 0 ben d
020 _a9847000000057
_cTk.220
035 _a(BD-RjUL)
040 _aBD-RjUL
_bben
_cBD-RjUL
041 _aben
082 _223
_aB 891.441
_bBRU 2007
245 _aবডু চন্ডীদাসের শ্রীকৃষ্ণকীর্তন কাব্য /
_cমোস্তফা তারিকুল আহসান
260 _aঢাকা :
_bজ়াতীয় সাহিত্য প্রকাশ,
_c২০০৭.
300 _a২৬২ পৃ. ;
_c২২সেমি.
650 _aবাংলা কবিতা
_9120748
650 _aPoerty, Bengali
_9120749
700 _aআহসান, মোস্তফা তারিকুল
_9119841
942 _2ddc
_cBK
_02
999 _c39132
_d39132